000 00475nam a2200193Ia 4500
008 131103s9999 xx 000 0 und d
020 _a060030356x
040 _aLoreto College
041 _aEnglish
082 _aREF
_bLCBED/10300
100 _aWilks, Brian
245 _aJane Austen
_cBrian Wilks
260 _aLondon
_bHamlyn
_c1985
300 _a144p.
_b ill., pic.
_c 24cm.
504 _aIncludes index
650 _aRefarence
850 _aLCBED/REF
942 _cBK
999 _c31792
_d82271